000 00518nam a2200169 i 4500
001 142388
003 ES-MaACL
005 20230906200517.0
007 t|
008 071005s1962 sp ||||1| spa d
100 1 _aVillabriga, Vicente.
_9114902
245 1 0 _aSangüesa
_b: ruta compostelana, apuntes medievales /
_cVicente Villabriga.
260 _aSangüesa :
_bAyuntamiento,
_c1962.
300 _a184 p. :
_bil. ;
_c24 cm.
710 2 _aSangüesa.
_bAyuntamiento.
_96495
852 _aES-MaACL
_jC-23069
_bR.51350
999 _c142388
_d142388